000 00291nam a2200121Ia 4500
008 240731s9999 xx 000 0 und d
022 _a2689-8403
245 0 _aCIM Journal
260 _bTaylor & Francis
856 _uhttps://www.tandfonline.com/loi/ucim20
942 _2ddc
942 _cTFEJ
999 _c75731
_d75731
945 _a1
_bMadushi Gamage
_c1
_dMadushi Gamage